English grammar in use. A self-study reference and practice book for intermediate students, with answers /

Salvato in:
Dettagli Bibliografici
Autore principale: Murphy, Raymond (Autore)
Natura: Libro
Lingua:inglese
Pubblicazione: Cambridge : The University Press, 1992
Edizione:16. dotlač
Tags: Aggiungi Tag
Nessun Tag, puoi essere il primo ad aggiungerne!!

MARC

LEADER 00000nam a22000003a 4500
001 stu32267
005 20150617225736.8
008 950508s1992----uk------------------eng-d
020 |a 0-521-28723-5 
040 |a STU  |b slo 
041 0 |a eng 
044 |a uk 
080 |a 802.0 
100 1 |a Murphy, Raymond  |4 aut 
245 1 |a English grammar in use. A self-study reference and practice book for intermediate students, with answers /  |c [aut.] Murphy,Raymond 
250 |a 16. dotlač 
260 |a Cambridge :  |b The University Press,  |c 1992 
300 |a 328 s 
996 |b J89139  |c J*89139  |l JJK3  |s P  |a 0  |w stu32267_0001